000 00719cam a22002533a 4500
001 17866
003 PGUSA
005 20140828083400.0
008 060226s2006||||xxu|||||s|||||000 1 eng d
040 _aPGUSA
_beng
042 _adc
050 4 _aPS
100 1 _aPiper, H. Beam,
_d1904-1964
245 1 0 _aMurder in the Gunroom
_h[electronic resource] /
_cH. Beam Piper
260 _bProject Gutenberg,
_c2006
506 _aPublic domain in the USA.
516 _aElectronic text
653 _aPrivate investigators -- Fiction
653 _aDetective and mystery stories
653 _aMurder -- Fiction
830 0 _aProject Gutenberg
_v17866
856 4 0 _uhttp://www.gutenberg.org/ebooks/17866
942 _cEB
999 _c247121
_d247121